|
|
|
|
| LEADER |
00000nam0a2200000 4500 |
| 001 |
284737 |
| 005 |
20231101235727.0 |
| 020 |
|
|
|a RU
|b 85-26450
|
| 035 |
|
|
|a (RuTPU)RU\TPU\book\308919
|
| 090 |
|
|
|a 284737
|
| 100 |
|
|
|a 20150218d1984 k y0rusy5003 ca
|
| 101 |
0 |
|
|a rus
|
| 102 |
|
|
|a RU
|
| 105 |
|
|
|a a z 001zy
|
| 200 |
1 |
|
|a Методы разведочной геофизики. Ядерно-геофизические методы при поисках, разведке и отработке рудных месторождений
|e сбоник научных трудов
|f Научно-производственное объединение "Рудгеофизика" ; под ред. Е. И. Крапивского ; В. Н. Митова
|
| 210 |
|
|
|a Ленинград
|c Рудгеофизика
|d 1984
|
| 215 |
|
|
|a 83 с.
|c ил.
|
| 320 |
|
|
|a Библиография в конце статей
|
| 606 |
|
|
|a Ядерная геофизика, прикладная
|2 stltpush
|3 (RuTPU)RU\TPU\subj\21554
|9 46518
|
| 610 |
1 |
|
|a геологические пробы
|
| 610 |
1 |
|
|a рентгенофлюоресцентный анализ
|
| 610 |
1 |
|
|a измерения
|
| 610 |
1 |
|
|a медноколчеданные руды
|
| 610 |
1 |
|
|a рентгеноспектральное опробование
|
| 610 |
1 |
|
|a никель
|
| 610 |
1 |
|
|a железо
|
| 610 |
1 |
|
|a содержание
|
| 610 |
1 |
|
|a оловорудные месторождения
|
| 610 |
1 |
|
|a рентгенорадиометрический метод
|
| 610 |
1 |
|
|a применение
|
| 610 |
1 |
|
|a каротаж
|
| 610 |
1 |
|
|a каверны
|
| 610 |
1 |
|
|a цирконий
|
| 676 |
|
|
|a 550.835
|v 4
|
| 702 |
|
1 |
|a Крапивский
|b Е. И.
|4 340
|
| 702 |
|
1 |
|a Митов
|b В. Н.
|4 340
|
| 712 |
0 |
2 |
|a Научно-производственное объединение "Рудгеофизика"
|2 stltpush
|3 (RuTPU)RU\TPU\col\9324
|9 24685
|
| 801 |
|
0 |
|a RU
|b RuMRKP
|c 19950704
|g psbo
|
| 801 |
|
1 |
|a RU
|b 63413507
|c 20150218
|
| 801 |
|
2 |
|a RU
|b 63413507
|c 20171024
|g RCR
|
| 942 |
|
|
|c BK
|